Statistics for The Great Broadway Musical Quiz

Click here to take the quiz!

General Stats

  • This quiz has been taken 1,889 times
    (1,888 since last reset)
  • The average score is 12 of 20

Answer Stats

HintAnswer% Correct
Gregory Maguire's story of Dorothy Gale's antagonist in Oz; 'Defying Gravity'Wicked
96%
'Romeo and Juliet' reset in the Big Apple and a gang war; 'Gee, Officer Krupke'West Side Story
91%
An ex-nun teaches a family to sing in Nazi-era Austria; 'Climb Every Mountain'The Sound of Music
90%
Puccini's 'La Boheme' moves to New York with new songs; 'Seasons of Love'Rent
88%
Several fairy tales, including Cinderella and Red Riding Hood, continue beyond 'Happily Ever After'; 'On the Steps of the Palace'Into The Woods
83%
Musical adaptation of Shaw's 'Pygmalion'; 'The Rain In Spain'My Fair Lady
78%
Damon Runyan NYC short stories of love and gambling; 'Luck Be A Lady'Guys and Dolls
73%
Farmers and ranchers combine to create a new U.S. state; 'Surrey With The Fringe On the Top'Oklahoma!
73%
Love and Nazis in a Weimar Republic nightclub; 'Willkommen'Cabaret
70%
'Sesame Street' gets an 'R' rating; 'What Do You Do with a B.A. in English?'Avenue Q
69%
'Monty Python and the Holy Grail' set to music; 'I Am Not Dead Yet'Spamalot
68%
A flim-flam man sells a marching band to unbelieving Iowans; 'Seventy-Six Trombones'The Music Man
67%
Musical version of the New Testament Books of Matthew and Luke; 'Day By Day'Godspell
47%
A baseball fan sells his soul for a chance at Major League stardom; 'Whatever Lola Wants'Damn Yankees
43%
An inventive slave makes a bid for freedom in ancient Rome; 'Comedy Tonight'A Funny Thing Happened on the Way to the Forum
42%
Musical treatment of Thornton Wilder's 'The Matchmaker'; 'Put On Your Sunday Clothes'Hello, Dolly!
36%
Musical treatment of Elvis' 1958 induction into the Army; 'Put On A Happy Face'Bye Bye Birdie
34%
Musical most connected to John F. Kennedy's presidency; 'If Ever I Would Leave You'Camelot
34%
Lerner-Lowe take on the California Gold Rush; 'They Call the Wind Mariah'Paint Your Wagon
18%
Two fathers pretend to feud to get their kids together; 'Soon It's Gonna Rain'The Fantasticks
18%

Score Distribution

Percentile by Number Answered

Percent of People with Each Score

Your Score History

You have not taken this quiz since the last reset